Opcia a opčné právo

Vymedzenie podstaty opcie. Základné triedenie opcií. Vysvetlenie jednotlivých pozícií v kúpnej a predajnej opcie na praktických príkladoch. Modelová situácia č. 1 - kupujúci kúpnej opcie. Modelová situácia č. 2 - predávajúci kúpnej opcie. Modelová situácia č. 3 - kupujúci predajnej opcie. Modelová s...

Description complète

Enregistré dans:
Détails bibliographiques
Auteur principal: Markovič, Peter, 1974-
Format: Chapitre de livre
Langue:slovaque
Sujets:
Tags: Ajouter un tag
Pas de tags, Soyez le premier à ajouter un tag!

MARC

LEADER 00000naa a2200000 4500
001 0118293
005 20240502072326.8
041 0 |a slo 
044 |a SK 
245 1 0 |a Opcia a opčné právo  |c Peter Markovič 
520 |a Vymedzenie podstaty opcie. Základné triedenie opcií. Vysvetlenie jednotlivých pozícií v kúpnej a predajnej opcie na praktických príkladoch. Modelová situácia č. 1 - kupujúci kúpnej opcie. Modelová situácia č. 2 - predávajúci kúpnej opcie. Modelová situácia č. 3 - kupujúci predajnej opcie. Modelová situácia č. 4 - predávajúci predajnej opcie. 
610 2 0 |a opcie 
610 2 0 |a financie 
610 2 0 |a deriváty 
610 2 0 |a predaj 
610 2 0 |a kúpa 
100 1 |a Markovič, Peter, 1974-